000 01059nam a2200205Ia 4500
003 Ost
005 20260507075048.0
008 260507s9999||||xx |||||||||||||| ||und||
040 _cfsecg
041 _aara
082 _a600
100 _aعبد اللطيف، ناصر نور الدين
_eمؤلف
245 0 _aمدخل إلى أنظمة قياس التكاليف :
_bتطبيقات في مجالات الصناعة والمقاولات والخدمات /
_c ناصر نور الدين عبد اللطيف
260 _aالقاهرة:
_bالدار الجامعية,
_c2003
300 _a399 صفحة؛
_bإيضاحات ؛
_c24 سم
520 _aنظام التكاليف الملائم للقياس-نظام تكاليف الأوامر-نظام تكاليف المراحل-نظام التكاليف المشتركة-نظام تكاليف العمليات-نظام تكاليف العقود(المقاولات)-نظم قياس تكلفة الخدمات
653 _aالتكاليف
653 _aالتكاليف، مقاييس
942 _cكتاب
999 _c42610
_d42610